O submarino (Record no. 45443)
[ view plain ]
| 000 -Etiqueta do registo | |
|---|---|
| Valores | 00622cam a22001931 4500 |
| 100 ## - Dados gerais de processamento | |
| Dados gerais | 19940107d1948 m y0pory5003 ba |
| 101 0# - Língua de publicação | |
| Língua | por |
| 102 ## - País de publicação | |
| País | PT |
| 200 1# - Titulo e menção de responsabilidade | |
| Título próprio | O submarino |
| Primeira menção de responsabilidade | Hermes de Araújo Oliveira |
| Outras menções de responsabilidade | pref. Aarão Coelho Ribeiro d' Abranches |
| 210 #9 - Publicação | |
| Local de publicação | [S.l.] |
| Nome do editor | Edições Cosmos |
| Data de publicação | 1948 |
| 215 ## - Descrição física | |
| Paginação / Volumes | 271, [2] p. |
| Dimensões | 19 cm |
| 225 2# - Colecção | |
| Título próprio da colecção | Biblioteca cosmos |
| Indicação de volume | 144-145 |
| Número de parte ou secção | 1.ª secção |
| Nome de parte ou secção | Ciências e Técnicas. Matemática e Cosmologia |
| 675 ## - CDU | |
| Notação | 629.58 |
| 700 #1 - Autor principal | |
| Apelido | Oliveira, |
| Nome | Hermes de Araújo |
| 702 #1 - Autor secundário | |
| Apelido | Abranches, |
| Nome | Aarão Coelho Ribeiro de |
| Função | 080 |
| 801 #0 - Fonte de origem | |
| País | PT |
| Agência | BN |
| Regras de catalogação | RPC |
| 990 ## - Elementos KOHA | |
| Tipo de documento | Livro |
| Aquisição | Empréstimo | Código de barras | Cota | Permissão de empréstimo | Tipo de documento | Nota relativa ao exemplar |
|---|---|---|---|---|---|---|
| Biblioteca Municipal de Redondo | Biblioteca Municipal de Redondo | 056162 | 629.58 OLI | Consulta presencial | Livro | oferta de Vergílio Ambrósio |